ACCA Paper P1,Governance,Risk and Ethics. (Record no. 351121)

000 -LEADER
fixed length control field 00614nam a22002297a 4500
003 - CONTROL NUMBER IDENTIFIER
control field OSt
005 - DATE AND TIME OF LATEST TRANSACTION
control field 20180116183034.0
008 - FIXED-LENGTH DATA ELEMENTS--GENERAL INFORMATION
fixed length control field 160209b xxu||||| |||| 00| 0 eng d
020 ## - INTERNATIONAL STANDARD BOOK NUMBER
International Standard Book Number 9781784152321
022 ## - INTERNATIONAL STANDARD SERIAL NUMBER
International Standard Serial Number 9781784152321
040 ## - CATALOGING SOURCE
Transcribing agency 0
050 ## - LIBRARY OF CONGRESS CALL NUMBER
Classification number 657
082 ## - DEWEY DECIMAL CLASSIFICATION NUMBER
Classification number 657
100 ## - MAIN ENTRY--PERSONAL NAME
Personal name Kaplan Publishing
110 ## - MAIN ENTRY--CORPORATE NAME
Corporate name or jurisdiction name as entry element Kaplan Publishing.
245 ## - TITLE STATEMENT
Title ACCA Paper P1,Governance,Risk and Ethics.
Remainder of title Exam Kit.
Statement of responsibility, etc. Kaplan Publishing.
260 ## - PUBLICATION, DISTRIBUTION, ETC.
Place of publication, distribution, etc. UK
Name of publisher, distributor, etc. Kaplan Publishing.
Date of publication, distribution, etc. 2015.
300 ## - PHYSICAL DESCRIPTION
Extent 502p.
440 ## - SERIES STATEMENT/ADDED ENTRY--TITLE
Title ACCA Paper P1,Governance,Risk and Ethics.
500 ## - GENERAL NOTE
General note Paper Cover
942 ## - ADDED ENTRY ELEMENTS (KOHA)
Source of classification or shelving scheme
Koha item type Book
Call number prefix 657
Holdings
Withdrawn status Lost status Source of classification or shelving scheme Damaged status Not for loan Collection code Permanent Location Current Location Shelving location Date acquired Total Checkouts Full call number Barcode Checked out Date last seen Date last checked out Price effective from Koha item type
            Central Library (CL) Central Library (CL) General Stacks 02/09/2016 3 657 ACC 2015 NBS9950 05/29/2019 01/29/2019 01/29/2019 02/09/2016 Book
© 2023 Central Library, National University of Sciences and Technology. All Rights Reserved.